000 01139nam a22003014a 4500
001 ebr10064274
003 CaPaEBR
006 m u
007 cr cn|||||||||
008 000217s2000 nyu sb 001 0 eng
010 _z 00024480
020 _z0521593069 (hardbound)
040 _aCaPaEBR
_cCaPaEBR
035 _a(OCoLC)70772962
050 1 4 _aHB62
_b.R83 2000eb
082 0 4 _a330/.01/4
_221
100 1 _aRubinstein, Ariel.
245 1 4 _aThe economics and language
_h[electronic resource] :
_bfive essays /
_cAriel Rubinstein.
260 _aNew York :
_bCambridge University Press,
_c2000.
300 _aviii, 128 p.
504 _aIncludes bibliographical references and index.
533 _aElectronic reproduction.
_bPalo Alto, Calif. :
_cebrary,
_d2013.
_nAvailable via World Wide Web.
_nAccess may be limited to ebrary affiliated libraries.
650 0 _aEconomics
_xLanguage.
650 0 _aGame theory.
655 7 _aElectronic books.
_2local
710 2 _aebrary, Inc.
856 4 0 _uhttp://site.ebrary.com/lib/rucke/Doc?id=10064274
_zAn electronic book accessible through the World Wide Web; click to view
999 _c158787
_d158787